00566nam a2200193Ia 4500003000500000008004100005020001800046040001900064082000700083100001900090245003900109260003500148300001000183365000800193546001200201942001900213999001700232952012300249STCL230726s9999 xx 000 0 und d a9789351380566 aSTCLcSTCLbEN 222 aSeturaman, V S 0aIndian aesthetics: an introduction bTrinity PressaNew Delhic2017 a439 p b425 aEnglish 2DDCe22cBKDDC c89363d89363 00102DDC4070aSTCALbSTCALcGENd2023-07-26l1o800.7 SET-Ip98373r2024-02-19 00:00:00s2024-02-16w2023-07-26yBK